| 000 | 01272cam a2200337 a 4500 | ||
|---|---|---|---|
| 001 | 16355223 | ||
| 003 | PILC | ||
| 005 | 20150601100147.0 | ||
| 008 | 100729s2012 maua 001 0 eng | ||
| 010 | _a 2010933764 | ||
| 020 | _a9780495906391 (Student edition) | ||
| 020 | _a0495906395 (Student edition) | ||
| 040 |
_aDLC _cDLC _dDLC |
||
| 042 | _apcc | ||
| 050 | 0 | 0 |
_aPE 1122 _b.F599 2012 |
| 082 | 0 | 0 | _a428.6 |
| 100 | 1 | _aFlemming, Laraine E. | |
| 245 | 1 | 0 |
_aReading for thinking / _cLaraine Flemming ; Denice Josten, contributing consultant. |
| 250 | _a7th ed. | ||
| 260 |
_aBoston, Mass. : _bWadsworth Cengage Learning, _c2012. |
||
| 300 |
_axvi, 688 pages : _bullustrations (some color) ; _c24 cm. |
||
| 500 | _aIncludes index. | ||
| 650 | 0 | _aCollege readers. | |
| 650 | 0 |
_aCritical thinking _vProblems, exercises, etc. |
|
| 700 | 1 | _aJosten, Denice. | |
| 856 | 4 | 2 |
_3Contributor biographical information _uhttp://www.loc.gov/catdir/enhancements/fy1105/2010933764-b.html |
| 856 | 4 | 2 |
_3Publisher description _uhttp://www.loc.gov/catdir/enhancements/fy1105/2010933764-d.html |
| 906 |
_a7 _bcbc _corignew _d3 _eepcn _f20 _gy-gencatlg |
||
| 942 |
_2lcc _cBK _kFOR |
||
| 999 |
_c284543 _d284543 |
||